2D and 3D Platformer Franchises - Statistics

General Stats
  • This quiz has been taken 5 times
    3 since last reset
  • The average score is 18 of 40
Answer Stats
Original Developer and Publisher Debut Year Answer % Correct
Rare/Nintendo 1998 Banjo-Kazooie
100%
Naughty Dog/Universal Interactive 1996 Crash Bandicoot
100%
Capcom 1987 Mega Man
100%
Insomniac Games/Sony Computer Entertainment 2002 Ratchet and Clank
100%
_____ Team/SEGA 1991 Sonic the Hedgehog
100%
Nintendo 1985 Super Mario
100%
SEGA 1986 Alex Kidd
50%
Sony Computer Entertainment Japan/Sony Computer Entertainment 1999 Ape Escape
50%
Team ASOBI/Sony Interactive Entertainment 2013 Astro Bot
50%
Accolade 1993 Bubsy
50%
Argonaut Games/Fox interactive 1997 Croc
50%
Nintendo 1981 Donkey Kong
50%
Crystal Dynamics 1995 Gex
50%
Naughty Dog/Sony Computer Entertainment 2001 Jak and Daxter
50%
Smilebit/SEGA 2000 Jet Set Radio
50%
X-Ray Interactive/Titus Interactive 2000 Kao the Kangaroo
50%
HAL Labratories/Nintendo 1992 Kirby
50%
Namco 1997 Klonoa
50%
Media Molecule/Sony Interactive Entertainment 2008 LittleBigPlanet
50%
_____ Team/SEGA 1996 NiGHTS
50%
Namco 1980 PAC-Man
50%
Double Fine/Majesco Entertainment 2005 Psychonauts
50%
Ubi Pictures/Ubisoft 1995 Rayman
50%
Toys for Bob/Activision 2011 Skylanders
50%
Sucker Punch Productions/Sony Computer Entertainment 2002 Sly Cooper
50%
Insomniac Games/Universal Interactive 1998 Spyro the Dragon
50%
Krome Studios/Electronic Arts 2002 Ty the Tasmanian Tiger
50%
Nintendo 1994 Wario Land
50%
Playtonic Games/Team 17 2017 Yooka Laylee
50%
Nintendo 1995 Yoshi
50%
Iguana Entertainment/Sunsoft 1993 Aero the Acrobat
0%
Artoon/Microsoft Game Studios 2002 Blinx the Time Sweeper
0%
Skip Ltd/Nintendo 2005 Chibi-Robo!
0%
id Software/Apogee Software 1990 Commander Keen
0%
Blue Tougue Entertainment/THQ 2008 De Blob
0%
Shiny Entertainment/Playmates Interactive Entertainment 1994 Earthworm Jim
0%
Capcom 1985 Ghosts N Goblins
0%
Japan Studio/Sony Computer Entertainment 2013 Knack
0%
Moon Studios/Microsoft Studios 2015 Ori
0%
Whoopee Camp/Sony Computer Entertainment 1997 Tomba!
0%
No matching quizzes found
Score Distribution
Percent of People with Each Score
Percentile by Number Answered
Your Score History
You have not taken this quiz since the last reset